| 000 -CABECERA |
| fixed length control field |
00864nam a22002177a 4500 |
| 003 - IDENTIFICADOR DEL NÚMERO DE CONTROL |
| control field |
AR-CdUCM |
| 008 - DATOS DE LONGITUD FIJA--INFORMACIÓN GENERAL |
| fixed length control field |
190312b ||||| |||| 00| 0 spa d |
| 020 ## - NÚMERO INTERNACIONAL ESTÁNDAR DEL LIBRO |
| ISBN |
9978 -43-331-7 |
| 040 ## - FUENTE DE LA CATALOGACIÓN |
| Agencia/entidad que catalogó originalmente la obra |
MUNICIPALIDAD PROVINCIAL DEL CUSCO |
| Entidad que transcribió la catalogación |
BIBLIOTECA MUNICIPAL DEL CUSCO |
| 082 ## - NÚMERO DE LA CLASIFICACIÓN DECIMAL DEWEY |
| No. de Clasificación |
986.262 / |
| Notacion interna |
O64 |
| 100 ## - ENTRADA PRINCIPAL--NOMBRE DE PERSONA |
| Nombre Personal |
Orellana Arenas, Miguel |
| 245 ## - MENCIÓN DE TÍTULO |
| Título |
Santiago de Guayaquil : |
| Resto del título |
Una ciudad abierta / |
| 260 ## - PUBLICACIÓN, DISTRIBUCIÓN, ETC. |
| Lugar de publicación, distribución, etc. |
Ecuador : |
| Nombre de la editorial, distribuidor, etc. |
Mariscal, |
| Fecha de publicación, distribución, etc. |
2003. |
| 300 ## - DESCRIPCIÓN FÍSICA |
| Nº de Páginas Extensión |
252 paginas ; |
| Dimensiones |
32 cm. |
| Material acompañante |
Ilustraciones, fotos, |
| 505 ## - NOTA DE CONTENIDO CON FORMATO |
| Nota de contenido formateada |
Contenido : El cerro Santa Ana -- Barrio las Peñas -- La iglesia de santo Domingo y el túnel del cerro santa Ana -- El fortín, el malecón Simón Bolívar y la obra malecón 2000 ... |
| 650 ## - PUNTO DE ACCESO ADICIONAL DE MATERIA--TÉRMINO DE MATERIA |
| Descriptor |
Ciudad Santiago de Guaquil |
| 9 (RLIN) |
16762 |
| 650 ## - PUNTO DE ACCESO ADICIONAL DE MATERIA--TÉRMINO DE MATERIA |
| Descriptor |
Historia de Guayaquil |
| 9 (RLIN) |
16763 |
| 650 ## - PUNTO DE ACCESO ADICIONAL DE MATERIA--TÉRMINO DE MATERIA |
| Descriptor |
Ecuador |
| 9 (RLIN) |
10121 |
| 942 ## - ELEMENTOS DE PUNTO DE ACCESO ADICIONAL (KOHA) |
| Fuente de clasificación |
|
| Tipo de item |
Libros-BMC |
| 945 ## - PROCESAMIENTO DE INFORMACIÓN LOCAL (OCLC) |
| Catalogador |
rah |